| 000 | 00980cam a22002897a 4500 | ||
|---|---|---|---|
| 003 | CHAP | ||
| 005 | 20220329133934.0 | ||
| 008 | 971013s1974 r 00010 d | ||
| 010 | _a12951 | ||
| 011 | _a13923 | ||
| 035 | _a17996 | ||
| 040 | _cCHAP | ||
| 090 | _aFolleto 3947y | ||
| 100 | 0 | 0 |
_aGoldberg, S. Dan. _948544 |
| 245 | 1 | 3 | _aEl riego por goteo un método que puede usarse en condiciones desérticas y áridas con agua y suelos de elevada salinidad |
| 260 |
_aMéxico, D.F. : _bCentro Regional de Ayuda Técnica, _c(1974) |
||
| 300 |
_a8 p. _b: ilus. ; gráfs. |
||
| 590 |
_aBATCH-UPD _b10 _c20130110 _lUCH01 _h1120 |
||
| 590 |
_aBATCH-UPD _b10 _c20130410 _lUCH01 _h0710 |
||
| 590 |
_aBATCH-UPD _b10 _c20130914 _lUCH01 _h1656 |
||
| 590 |
_aCONVERSION _b10 _c20130109 _lUCH01 _h1308 |
||
| 650 | 1 | 4 |
_aIrrigación _xRegiones áridas. _960478 |
| 650 | 1 | 4 |
_aRiego por goteo. _997380 |
| 901 | _aBK | ||
| 942 | _cFOLL | ||
| 949 |
_aFolleto 3947y _bBC _cFOLL _d-42109 _eTS1 _i17996 _mD _si |
||
| 999 |
_c12951 _d12951 |
||